Aplikácia škrobu v gumárenských zmesiach na báze NBR kaučukov bakalárska práca

Gespeichert in:
Bibliographische Detailangaben
1. Verfasser: Rácková, Nikola
Format: Buch
Sprache:Slowakisch
Veröffentlicht: Bratislava STUFCHPT 2013
Online-Zugang:Im OPAC anzeigen
Tags: Tag hinzufügen
Keine Tags, Fügen Sie das erste Tag hinzu!

MARC

LEADER 00000nam a2200000 a 4500
005 20260127134240.0
008 131121 2013 000 0 slo d
035 |a vtls010559776 
039 9 |y 201311210847  |z mschk03 
040 |a STUSCHK1  |b slo  |c STUSCHK1  |e AACR2 
100 1 |a Rácková, Nikola 
245 1 |a Aplikácia škrobu v gumárenských zmesiach na báze NBR kaučukov  |b bakalárska práca  |c Nikola Rácková 
260 |a Bratislava  |b STUFCHPT  |c 2013 
300 |a 43 s.  |b ill.  |c 30 cm 
500 |a Obhájené: 10.07.2013 
500 |a Štud. program: Chémia, medicínska chémia a chemické materály 
500 |a Štud. odbor: Chémia, chemické technológie 
500 |a Škol. pracovisko: Odd. plastov a kaučuku 
500 |a Evid. číslo: FCHPT-13569-43573 
910 |a SCHK95 
999 |c 7798  |d 7798